=LDR 00000nam 2200000 4500 =001 INLIS000000000024856 =005 20130612123419 =008 ***********************************Ind** =035 ##$$0010-061300000024856 =041 ##$$a Ind =082 ##$$a 2x0 =090 ##$$a 2x0, Alk t =100 ##$$a Alkhuli, M. Ali =245 ##$$a Tuntunan hidup penuh rahmat, M. AQli Alkhuli =260 ##$$a [S.a] $b [S.l] =300 ##$$a 137 hlm, 18 cm =650 ##$$a Islam =850 ##$$a NBPNMAT